000 00398nam a2200145 4500
001 116483
003 ES-MaACL
007 t|
008 061121s1909 ie r ||||1| eng d
100 1 _aO'Sullivan, J. M.
_986369
245 1 0 _aOld criticism and new pragmatism /
_cby J. M. O'Sullivan.
260 _aDublin :
_bM.H. Gill,
_c1909.
300 _aXIII, 317 p. ;
_c23 cm.
852 _aES-MaACL
_jC-840
999 _c116483
_d116483